000 00491cam a22001931 04500
001 46273
090 _a46273
100 _a19951010d1967 m y0pory5003 ba
101 0 _apor
102 _aPT
200 1 _aO inspector Varatojo investiga...
_fArtur Varatojo
210 9 _aLisboa
_cArtur Varatojo,
_d[D.L. 1967]
215 _a200 p.
_cil.
_d19 cm
305 _aEd. do autor
675 _a821.134.3-34
675 _a82-312.4
700 1 _aVaratojo,
_bArtur,
_f1926-2006
801 0 _aPT
_bBN
_gRPC
990 _cLIVROS